Dewey decimal classification and relative index/ (Record no. 363882)
[ view plain ]
| 000 -LEADER | |
|---|---|
| fixed length control field | 00328nam a2200109Ia 4500 |
| 008 - FIXED-LENGTH DATA ELEMENTS--GENERAL INFORMATION | |
| fixed length control field | 200626s9999 xx 000 0 und d |
| 020 ## - INTERNATIONAL STANDARD BOOK NUMBER | |
| International Standard Book Number | 971-11-0792-9 |
| 100 ## - MAIN ENTRY--PERSONAL NAME | |
| Personal name | Dewey, Melvil |
| 245 ## - TITLE STATEMENT | |
| Statement of responsibility, etc | Melvil Dewey.-- |
| Title | Dewey decimal classification and relative index/ |
| 260 ## - PUBLICATION, DISTRIBUTION, ETC. (IMPRINT) | |
| Place of publication, distribution, etc | New York: |
| Name of publisher, distributor, etc | Forest Press |
| Date of publication, distribution, etc | 1989 |
| 300 ## - PHYSICAL DESCRIPTION | |
| Extent | xx, 944 pages |
| Withdrawn status | Lost status | Source of classification or shelving scheme | Damaged status | Home library | Current library | Shelving location | Date acquired | Source of acquisition | Total Checkouts | Full call number | Barcode | Date last seen | Price effective from | Koha item type |
|---|---|---|---|---|---|---|---|---|---|---|---|---|---|---|
| Library of Congress Classification | Southville International School Affiliated with Foreign Universities Library | Southville International School Affiliated with Foreign Universities Library | Southville Foreign University Section | 06/27/2020 | Donation | R 025.431 D51 1989 | SFU1599 | 06/27/2020 | 06/27/2020 | Books |